000
00276nam a22001097a 4500
008
170105b xxu||||| |||| 00| 0 eng d
020
_a
9780323031462
041
_a
eng
080
_2
3RD
_a
618.2
245
_a
GERONTOLOGIC NURSING
_c
MEINER, S.E & LUECKENOTTE, A.G
942
_2
udc
_c
BK
999
_c
2538
_d
2538